000 00324nam a2200121Ia 4500
008 190216s9999||||xx |||||||||||||| ||und||
100 _aDharma Kumar & Tapan Raychaudhury
245 4 _aThe Cambridge Economic History Of India
260 _bCambridge Uty Press
_c1984
300 _a1073
650 _aHistory
942 _cBK
999 _c19722
_d19722